[Event "RUS-chT"]
[Site "Briansk"]
[Date "1995.??.??"]
[Round "5"]
[White "Arakelian, Eduard"]
[Black "Arkhipov, Sergey"]
[Result "1-0"]
[WhiteElo "2415"]
[BlackElo "2515"]

1.d4 Nf6 2.c4 e6 3.g3 c5 4.Nf3 cxd4 5.Nxd4 Qb6 6.Bg2 Bc5 7.e3 Nc6 8.Nb3 Bb4+
9.N3d2 Ne5 10.O-O Nd3 11.Ne4 Nxc1 12.Nxf6+ gxf6 13.Qxc1 Be7 14.Nc3 Qa5 15.Rd1 Rb8
16.Ne4 b6 17.Nd6+ Bxd6 18.Rxd6 Bb7 19.Qd1 Bxg2 20.Kxg2 Qc5 21.Kg1 Qc7 22.Qd4 Ke7
23.Rd1 Rb7 24.e4 Rg8 25.e5 fxe5 26.Qxe5 Qxc4 27.b3 f6 28.Qe3 Qc2 29.Qd4 Qc7
30.Qb4 Qc5 31.Qe4 Qc8 32.Qxh7+ Kf8 33.Rxd7 Rxd7 34.Rxd7  1-0

[Event "RUS-sf"]
[Site "Briansk"]
[Date "1995.??.??"]
[Round "9"]
[White "Shestakov, Sergei S"]
[Black "Krylov, Stanislav"]
[Result "0-1"]
[WhiteElo "2295"]
[BlackElo "2215"]

1.d4 Nf6 2.c4 e6 3.g3 c5 4.Nf3 cxd4 5.Nxd4 d5 6.Qa4+ Bd7 7.Qb3 Bc5 8.Be3 Qb6
9.Qxb6 Bxb6 10.Nd2 Nc6 11.Nc2 Ba5 12.O-O-O Rc8 13.cxd5 Nb4  0-1

[Event "Budapest FS07 IM-A"]
[Site "Budapest"]
[Date "1995.??.??"]
[Round "?"]
[White "Hetey, Laszlo"]
[Black "Cao Sang"]
[Result "0-1"]
[WhiteElo "2290"]
[BlackElo "2420"]

1.d4 Nf6 2.c4 e6 3.g3 c5 4.Nf3 b6 5.Bg2 Bb7 6.O-O cxd4 7.b3 d6 8.Nxd4 Bxg2
9.Kxg2 Qc7 10.Bb2 Nbd7 11.Nc3 a6 12.Qd2 Be7 13.f3 O-O 14.e4 Qb7 15.Rad1 Rfd8
16.Qe2 Rac8 17.Rd2 Bf8 18.Rfd1 g6 19.Nc2 Ne8 20.Ne3 Bg7 21.h4 h5 22.Nb1 Bh6
23.Ba3 Bf8 24.g4 hxg4 25.Nxg4 b5 26.cxb5 Qxb5 27.Qxb5 axb5 28.Bb2 f5 29.Ne3 Bh6
30.Kf2 fxe4 31.fxe4 Nc5 32.Kf3 Rd7 33.Rc2 Rf7+ 34.Ke2 Rcc7 35.Ng4 Bg7 36.Bxg7 Kxg7
37.Ke3 e5 38.Rf2 Rxf2 39.Nxf2 Ne6 40.a4 bxa4 41.bxa4 Rc4 42.Nd3 Rxa4 43.Nc3 Ra3
44.Kd2 Nd4 45.Rb1 Ra7 46.Rb8 Kf7 47.Ke3 Nf6 48.Nb4 Ra3 49.Rb7+ Ke8 50.Kd2 Rb3
51.Rb6 Kd7 52.Rb7+ Ke6 53.Kd3 Ne2 54.Kxe2 Rxc3 55.Rg7 Rc4 56.Na6 Rxe4+ 57.Kd3 Kf5  0-1

[Event "Budapest FS04 IM"]
[Site "Budapest"]
[Date "1995.??.??"]
[Round "1"]
[White "Peredy, Ferenc"]
[Black "Knezevic, Bojan"]
[Result "1-0"]
[WhiteElo "2230"]
[BlackElo "2390"]

1.d4 Nf6 2.c4 e6 3.g3 c5 4.Nf3 cxd4 5.Nxd4 Bb4+ 6.Nd2 Nc6 7.Nc2 Be7 8.Bg2 d5
9.O-O e5 10.cxd5 Nxd5 11.Nc4 Be6 12.b3 O-O 13.Bb2 f6 14.e4 Ndb4 15.Nxb4 Nxb4
16.Ba3 a5 17.Qe2 Bc5 18.Rad1 Qe7 19.Ne3 Bxe3 20.Qxe3 Rfc8 21.Rd2 Qc5 22.Qe2 Qb6
23.Rfd1 Rd8 24.Rxd8+ Rxd8 25.Rxd8+ Qxd8 26.Bxb4 axb4 27.Qb5 Qe7 28.Bf1 g5
29.Bc4 Bf7 30.Bd5 Bxd5 31.exd5 Kf7 32.Qb6 Qd7 33.d6 Ke6 34.Qxb4 Qc6 35.h3 h5
36.a4 b6 37.Qd2 Qxd6 38.Qe2 h4 39.gxh4 gxh4  1-0

[Event "Budapest FS11 GM"]
[Site "Budapest"]
[Date "1995.??.??"]
[Round "6"]
[White "Volzhin, Alexander"]
[Black "Cao Sang"]
[Result "1/2-1/2"]
[WhiteElo "2460"]
[BlackElo "2420"]

1.d4 Nf6 2.c4 e6 3.g3 c5 4.Nf3 b6 5.Bg2 Bb7 6.d5 b5 7.dxe6 fxe6 8.cxb5 Be7
9.O-O O-O 10.Nc3 a6 11.bxa6 Nxa6 12.Re1 Nb4 13.a3 Ne4 14.Bd2 Nxd2 15.Qxd2 Nc6
16.Rad1 d5 17.Bh3 Rf6 18.Qe3 Bc8 19.Qc1  1/2-1/2

[Event "CAN-ch"]
[Site "CAN"]
[Date "1995.??.??"]
[Round "9"]
[White "Taylor, Gordon"]
[Black "Stone, Raymond"]
[Result "1/2-1/2"]
[WhiteElo "2320"]
[BlackElo "2340"]

1.d4 Nf6 2.c4 e6 3.g3 c5 4.Nf3 cxd4 5.Nxd4 Qb6 6.Bg2 Bc5 7.e3 Nc6 8.O-O Nxd4
9.exd4 Bxd4 10.Nc3 e5 11.Nb5 O-O 12.Nxd4 exd4 13.b3 d5 14.Ba3 Re8 15.c5 Qa5
16.Bb2  1/2-1/2

[Event "Ceske Budejovice op"]
[Site "Ceske Budejovice"]
[Date "1995.??.??"]
[Round "6"]
[White "Haba, Petr"]
[Black "Kuzmin, Gennadi P"]
[Result "1-0"]
[WhiteElo "2410"]
[BlackElo "2525"]

1.d4 Nf6 2.c4 e6 3.g3 c5 4.Nf3 cxd4 5.Nxd4 Nc6 6.Bg2 Bc5 7.Nb3 Be7 8.Nc3 O-O
9.Bf4 b6 10.Nb5 Bb4+ 11.Bd2 d5 12.Bxb4 Nxb4 13.Nc3 Bb7 14.a3 Nc6 15.cxd5 Ne7
16.O-O Nexd5 17.Nxd5 Bxd5 18.Bxd5 exd5 19.Rc1 Qd7 20.Qd3 Rfe8 21.Rc2 h5 22.Nd4 Re4
23.Rfc1 Rae8 24.e3 R4e7 25.Qf5 Qxf5 26.Nxf5 Rd7 27.Rc7 Red8 28.Rxd7 Rxd7
29.Rc8+ Kh7 30.h4 Ne4 31.Rc2 g6 32.Nd4 Kg7 33.Kg2 Nc5 34.Kf3 Ne6 35.Rc1 Kf6
36.Ke2 Ke7 37.Nxe6 fxe6 38.Kd3 Kd6 39.Rc8 e5 40.Rf8 Ke7 41.Rc8 Ke6 42.f3 Kf5
43.Rf8+ Ke6 44.Re8+ Kf5 45.Rf8+ Ke6 46.f4 exf4 47.gxf4 Ke7 48.Rc8 Ke6 49.Kd4 Kf5
50.Rc2 Re7 51.Rg2 Re4+ 52.Kd3 Rc4 53.Rg5+ Kf6 54.Rxd5 Rc1 55.Ke4 Ke6 56.Re5+ Kd6
57.Rd5+ Ke6 58.Rd2 Rh1 59.Rc2 Rxh4 60.Rc6+ Kf7 61.Rc7+ Kf6 62.Rxa7 Rh2 63.b4 Rf2
64.Rb7 h4 65.Rxb6+ Kg7 66.Rc6 h3 67.Rc1 h2 68.Rh1 Ra2 69.Kd4 Rxa3 70.Rxh2 Rb3
71.Kc4 Rxe3 72.Rd2 Rh3 73.b5  1-0

[Event "Dortmund op"]
[Site "Dortmund"]
[Date "1995.??.??"]
[Round "8"]
[White "Hetey, Laszlo"]
[Black "Razuvaev, Yuri S"]
[Result "0-1"]
[WhiteElo "2290"]
[BlackElo "2585"]

1.d4 Nf6 2.c4 e6 3.g3 c5 4.Nf3 cxd4 5.Nxd4 Qc7 6.Nd2 a6 7.Bg2 Be7 8.O-O O-O
9.b3 d6 10.Bb2 Nbd7 11.Qb1 Rb8 12.Rc1 Re8 13.h3 Ne5 14.Ne4 Bd7 15.Nxf6+ Bxf6
16.Nf3 Nxf3+ 17.Bxf3 Be7 18.Be4 h6 19.Qd3 Bf8 20.Rc2 Red8 21.Rd1 Bc6 22.g4 Qa5
23.Bc3 Qg5 24.Bxc6 bxc6 25.Qg3 Qg6 26.Qd3 Qg5 27.Qg3 d5 28.Ba5 Re8 29.cxd5 cxd5
30.Rc6 Rbc8 31.Rxa6 Rc2 32.Qd3 Rec8 33.Bd2 Qf6 34.Rb1 Bc5 35.Rf1 Qe5 36.Rd1 Qf6
37.Be1 Qe5 38.e3 Bf8 39.Rd2 Rc1  0-1

[Event "BL2-N9495"]
[Site "Germany"]
[Date "1995.??.??"]
[Round "?"]
[White "Heinig, Wolfram"]
[Black "Lagunow, Alexander"]
[Result "1/2-1/2"]
[WhiteElo "2335"]
[BlackElo "2395"]

1.d4 Nf6 2.c4 e6 3.g3 c5 4.Nf3 cxd4 5.Nxd4 d5 6.Bg2 e5 7.Nf3 d4 8.O-O Nc6
9.e3 Bc5 10.exd4 exd4 11.Nbd2 O-O 12.Nb3 Qb6 13.Re1 Bg4 14.Bg5 Nd7 15.h3 Bh5
16.Nxc5 Nxc5 17.Qd2 f6 18.Bf4 Rad8 19.g4 Bf7 20.b3 g5 21.Bg3 Bg6 22.Nxg5 fxg5
23.Qxg5 d3 24.Bd5+ Rxd5 25.Qxd5+ Kh8 26.Bd6 Nd7 27.c5 Qb4 28.Bxf8 Nxf8 29.Rad1 Qf4
30.Re3 Nd4 31.Kg2 Nfe6 32.Rdxd3 Bxd3 33.Rxd3 Qf6 34.Kf1 Nc6 35.Rf3 Nf4 36.Qd2 Qa1+
37.Qe1 Qd4 38.Qc1 Ne6 39.Qh6 Qd1+ 40.Kg2 Qd5 41.Qf6+ Kg8 42.Kg3 Ncd4 43.Qf7+ Kh8
44.Qe8+ Kg7 45.Rf7+ Kh6 46.Qe7 Qe5+ 47.Kh4 Kg6 48.Qe8 Qg5+ 49.Kg3 Qe5+ 50.Kh4 Qg5+
51.Kg3 Qe5+ 52.Kh4  1/2-1/2

[Event "BL2-O9495"]
[Site "Germany"]
[Date "1995.??.??"]
[Round "?"]
[White "Mirschinka, Dirk"]
[Black "Boehlig, Heinz"]
[Result "1-0"]
[WhiteElo "2270"]
[BlackElo "2310"]

1.d4 Nf6 2.c4 e6 3.g3 c5 4.d5 exd5 5.cxd5 d6 6.Nc3 g6 7.Bg2 Bg7 8.Nf3 O-O
9.O-O b6 10.Re1 Re8 11.h3 Na6 12.e4 Nd7 13.Bf4 Ne5 14.Bxe5 dxe5 15.Bf1 Nc7
16.Qd2 Qd6 17.Nb5 Nxb5 18.Bxb5 Rd8 19.Bf1 a6 20.a4 Ra7 21.Qc3 f5 22.Nd2 Qf6
23.a5 Rc7 24.axb6 Qxb6 25.Qa5 Qxa5 26.Rxa5 fxe4 27.Nxe4 Kf8 28.d6 Rc6 29.g4 Rb6
30.Rxc5 Bb7 31.Ng5 Rdxd6 32.Nxh7+ Kg8 33.Ng5 Bf6 34.h4 Bxg5 35.hxg5 e4 36.Bc4+ Kf8
37.b3 Rd2 38.Rc7 a5 39.Re3 a4 40.Rh3  1-0

[Event "Oberliga Ost qual"]
[Site "Germany"]
[Date "1995.??.??"]
[Round "?"]
[White "Froehlich, Peter"]
[Black "Janoschka, Arnd"]
[Result "0-1"]
[WhiteElo "2255"]
[BlackElo "2215"]

1.d4 Nf6 2.c4 e6 3.g3 c5 4.Nf3 b6 5.Bg2 Bb7 6.O-O d6 7.Nc3 cxd4 8.Nxd4 Bxg2
9.Kxg2 Be7 10.Qa4+ Nfd7 11.Rd1 O-O 12.Be3 Qc8 13.Rac1 Nc5 14.Qc2 Nc6 15.f3 a6
16.Nxc6 Qxc6 17.b4 Nd7 18.Qe4 Qc7 19.Bf4 Nf6 20.Qd3 Rfd8 21.Ne4 Nxe4 22.Qxe4 Qc8
23.Rd3 Ra7 24.Be3 f5 25.Qd4 Rb7 26.Ra3 Bf6 27.Qd2 a5 28.bxa5 bxa5 29.Rxa5 Qc6
30.Bd4 Be7 31.Qd3 Rc8 32.Qc3 Rbc7 33.Bxg7 Bg5 34.Bf6 Bxc1 35.Qxc1 Qxc4 36.Qg5+ Kf8
37.Qh6+ Ke8 38.Qh5+ Kd7 39.Kf2 Kc6 40.a4 Rb7 41.f4 Qe4 42.Ra6+ Kc5 43.Ra5+ Kc4
44.Ra6 Rc6 45.Ra8 Rb1 46.Qf7 Rh1 47.Qh5 Rb6 48.Qxh7 Rxh2+ 49.Qxh2 Qxa8 50.Qg1 Qxa4
51.Qc1+ Kd5 52.Qd2+ Kc6 53.Qe3 Qc4 54.Qf3+ Qd5 55.Qh5 Qc5+ 56.Kg2 Kb5 57.Qf7 Qd5+
58.Kf2 Kc4 59.Qa7  0-1

[Event "Oberliga Ost C9495"]
[Site "Germany"]
[Date "1995.??.??"]
[Round "?"]
[White "Krug, Norbert"]
[Black "Henrich, Thomas"]
[Result "0-1"]
[WhiteElo "2260"]
[BlackElo "2325"]

1.d4 Nf6 2.c4 e6 3.g3 c5 4.d5 exd5 5.cxd5 b5 6.Bg2 d6 7.a4 b4 8.a5 g6 9.Qa4+ Bd7
10.Qb3 Bg7 11.Bf4 Qe7 12.Nd2 Nh5 13.Bxd6 Qxd6 14.Nc4 Qa6 15.Qe3+ Kd8 16.Qxc5 Qb5
17.Qxb5 Bxb5 18.Nd6 a6 19.Nxf7+ Ke8 20.Nxh8 Bxb2 21.Rb1 Bxh8 22.Nh3 Bc3+
23.Kf1 Ra7 24.Ng5 Nf6 25.f4 Re7 26.Bf3 Nxd5 27.Ne4 Nc6 28.Nd6+ Kd7 29.Nxb5 Ne3+
30.Kf2 axb5 31.a6 Bd4 32.Rhc1 Nc4+ 33.Kg2 Bc5 34.Kh3 Kd6 35.e4 Ra7 36.e5+ Kc7
37.Rd1 Rxa6 38.e6 Bd6 39.Rd5 Rb6 40.f5 gxf5 41.Rxf5 N6e5 42.Ra1 Be7 43.Bd5 Kd6
44.Ra7 Ne3 45.Rxe5 Kxe5 46.Bb3 Kf6 47.Ra2 Nc4  0-1

[Event "Groningen op"]
[Site "Groningen"]
[Date "1995.??.??"]
[Round "?"]
[White "Meins, Gerlef"]
[Black "Peptan, Corina"]
[Result "1-0"]
[WhiteElo "2440"]
[BlackElo "2340"]

1.d4 Nf6 2.c4 e6 3.g3 c5 4.Nf3 cxd4 5.Nxd4 d5 6.Bg2 e5 7.Nf3 d4 8.O-O Nc6
9.e3 Bc5 10.exd4 exd4 11.Nbd2 O-O 12.Nb3 Qb6 13.Re1 Bf5 14.Nxc5 Qxc5 15.b3 Rfe8
16.Bb2 Red8 17.Qd2 Rd7 18.Rad1 Rad8 19.Qf4 Bg6 20.Ne5 Nxe5 21.Rxe5 Qd6 22.Bh3 Nh5
23.Qxd4 Qxe5 24.Bxd7 Qe7 25.Qg4 Nf6 26.Bxf6 gxf6 27.Bc8 Rxd1+ 28.Qxd1 b6
29.h4 Qc5 30.Bg4 h5 31.Bf3 Qa5 32.Qe2 Kg7 33.Bd5 Qa3 34.Kg2 a5 35.Qe3 Qd6
36.Bf3 Qb4 37.Qd4 b5 38.Qd5 bxc4 39.bxc4 Qa3 40.c5 Qc3 41.c6 a4 42.Qd7 Qc2
43.c7 Bf5 44.Qxf5 Qxf5 45.Bb7 Qb1 46.c8=Q Qxa2 47.Qd7  1-0

[Event "Groningen op"]
[Site "Groningen"]
[Date "1995.??.??"]
[Round "?"]
[White "Socko, Bartosz"]
[Black "Peptan, Corina"]
[Result "1-0"]
[WhiteElo "2485"]
[BlackElo "2340"]

1.d4 Nf6 2.c4 e6 3.g3 c5 4.Nf3 cxd4 5.Nxd4 d5 6.Bg2 e5 7.Nc2 d4 8.f4 Nc6
9.Bxc6+ bxc6 10.fxe5 Qa5+ 11.Qd2 Qxe5 12.Qxd4 Qh5 13.Bf4 Be6 14.Nd2 Bc5 15.Qe5 Bf2+
16.Kd1 Qh3 17.Bg5 Qg2 18.Rf1 O-O-O 19.Kc1 Rxd2 20.Kxd2 Rd8+ 21.Kc3 Ne4+ 22.Kb4 Bc5+
23.Ka4 Qxe2 24.Na3 Bd4 25.Rfe1 Qxb2 26.Qxe4 Bd7 27.Reb1 Qc3 28.c5 Bxc5 29.Rb3 Qxa1
30.Qc4 Bb6 31.Qa6+ Kb8 32.Rxb6+ axb6 33.Qxb6+ Ka8 34.Qa6+ Kb8 35.Bf4+  1-0

[Event "Wch U16"]
[Site "Guarapuava"]
[Date "1995.??.??"]
[Round "8"]
[White "Bakhtadze, Giorgi"]
[Black "Samulevicius, Tomas"]
[Result "1/2-1/2"]
[WhiteElo "2275"]
[BlackElo "2095"]

1.d4 Nf6 2.c4 e6 3.g3 c5 4.Nf3 cxd4 5.Nxd4 Qc7 6.b3 Nc6 7.Bg2 Nxd4 8.Qxd4 Bc5
9.Qd2 O-O 10.Bb2 Be7 11.Nc3 a6 12.O-O Rb8 13.Rac1 b6 14.Rfd1 Bb7 15.e4 d6
16.Qe2 Rfd8 17.f4 Rbc8 18.Rd2 Rd7 19.Rcd1 Rcd8 20.Kh1 Bf8 21.Rd3 Ne8 22.Qf2 Qc5
23.Qxc5 bxc5 24.e5 Bxg2+ 25.Kxg2 f6 26.Na4 d5 27.Ba3 fxe5 28.fxe5 Rc7 29.cxd5 c4
30.bxc4 Rxc4 31.Nb6 Rc2+ 32.Kh3 exd5 33.Bxf8 Kxf8 34.Nxd5 g6 35.e6 Kg7 36.e7 Rd7
37.Nb4 Rxd3 38.Rxd3 Re2 39.Ra3 Rxe7 40.Rxa6 Rb7 41.Nc6 Rb2 42.a4 g5 43.Ra7+ Kg6
44.Ne5+ Kf5 45.Ra5 Ke6 46.Nf3 h6 47.Nd4+ Kf7 48.g4 Nf6 49.Ra7+ Kg6 50.Ra6 Kf7
51.a5 Rd2 52.Nf5 Rd3+ 53.Ng3 Ra3 54.Ra8 Nd5 55.Kg2 Ne3+  1/2-1/2

[Event "Wichern op"]
[Site "Hamburg"]
[Date "1995.??.??"]
[Round "1"]
[White "Giehring, Sebastian"]
[Black "Ward, Christopher"]
[Result "0-1"]
[WhiteElo "2235"]
[BlackElo "2500"]

1.d4 Nf6 2.c4 e6 3.g3 c5 4.Nf3 cxd4 5.Nxd4 Qb6 6.Bg2 Bc5 7.e3 Nc6 8.Nb3 Bb4+
9.Nc3 Ne5 10.Qe2 Qa6 11.O-O Qxc4 12.Qxc4 Nxc4 13.Nb5 O-O 14.e4 a6 15.N5d4 d5
16.Nc2 Be7 17.exd5 exd5 18.Ne3 Nxe3 19.Bxe3 Be6 20.Rac1 Rfc8 21.Nc5 Bxc5
22.Rxc5 Rxc5 23.Bxc5 Rc8 24.Bd4 Ne4 25.Rd1 f6 26.f3 Nd6 27.Bf1 Nf5 28.Bc3 d4
29.Bb4 Ne3 30.Rxd4 Rc1 31.Kf2 Nxf1  0-1

[Event "Wichern op"]
[Site "Hamburg"]
[Date "1995.??.??"]
[Round "1"]
[White "Nogly, Christoph"]
[Black "Emms, John M"]
[Result "1/2-1/2"]
[WhiteElo "2230"]
[BlackElo "2485"]

1.d4 Nf6 2.c4 e6 3.g3 c5 4.Nf3 cxd4 5.Nxd4 Qb6 6.Nc3 Nc6 7.e3 Nxd4 8.exd4 Bb4
9.Bg2 d5 10.c5 Qa6 11.Qb3 Bxc3+ 12.Qxc3 Bd7 13.a4 Ne4 14.Qc2 Qa5+ 15.Bd2 Nxd2
16.Qxd2 Qxd2+ 17.Kxd2 a5 18.Rhb1 Bc6 19.Bf1 Kd7 20.Bb5 Kc7 21.b4 Bxb5 22.axb5 axb4
23.Kc2 h5 24.Kb3 h4 25.Kxb4 g5 26.Rg1 hxg3 27.hxg3 g4 28.Rh1 Rag8 29.Rhc1 Ra8
30.Rh1 Rag8 31.Rhc1 Ra8 32.Kc3 Rxa1 33.Rxa1 Rh2 34.Rf1 Rh5 35.Kd3 e5 36.dxe5 Rxe5
37.Kd4 Rf5 38.Re1 Rxf2 39.Re7+ Kc8 40.Kxd5 Rd2+ 41.Kc4 Rg2 42.Rxf7 Rxg3 43.Rg7 Rg1
44.Kb4 b6 45.cxb6 Rb1+ 46.Kc4 Rc1+ 47.Kd5 Rd1+ 48.Kc4  1/2-1/2

[Event "Wichern op"]
[Site "Hamburg"]
[Date "1995.??.??"]
[Round "5"]
[White "Teske, Henrik"]
[Black "Sandkamp, Ralph"]
[Result "1-0"]
[WhiteElo "2500"]
[BlackElo "2210"]

1.d4 Nf6 2.c4 e6 3.g3 c5 4.Nf3 cxd4 5.Nxd4 Nc6 6.Nc3 Nxd4 7.Qxd4 a6 8.Bg2 Be7
9.O-O O-O 10.b3 Qc7 11.Bb2 Rb8 12.Rac1 b6 13.e4 d6 14.Rfd1 Rd8 15.h3 Bd7
16.Qe3 Be8 17.Rd2 Bf8 18.Kh2 Qa7 19.Rcd1 Rd7 20.Na4 e5 21.f4 Qc7 22.Nc3 b5
23.cxb5 axb5 24.b4 Rdd8 25.a3 Bc6 26.f5 Qb7 27.g4 h6 28.Bf3 Be7 29.h4 Nd7
30.g5 hxg5 31.hxg5 Nb6 32.Be2 f6 33.gxf6 Bxf6 34.Rxd6 Rxd6 35.Rxd6 Kf7 36.Kg2 Na4
37.Nxa4 Bxe4+ 38.Kg3 bxa4 39.Ba6 Bh4+ 40.Kg4 Qe7 41.Bc4+ Kf8 42.Re6 Qd8 43.Bxe5  1-0

[Event "HUN-chT1"]
[Site "HUN"]
[Date "1995.??.??"]
[Round "?"]
[White "Geller, Arpad"]
[Black "Orgovan, Sandor"]
[Result "1/2-1/2"]
[WhiteElo "2290"]
[BlackElo "2325"]

1.d4 Nf6 2.c4 e6 3.g3 c5 4.Nf3 b6 5.Bg2 Bb7 6.O-O cxd4 7.Qxd4 d6 8.Nc3 a6
9.b3 Nbd7 10.e4 Be7 11.Qe3 O-O 12.Bb2 Re8 13.Nd4 Qc7 14.Rac1 Rac8 15.Rfd1  1/2-1/2

[Event "HUN-chT1"]
[Site "HUN"]
[Date "1995.??.??"]
[Round "?"]
[White "Kiss, Attila"]
[Black "Horvath, Tamas"]
[Result "0-1"]
[WhiteElo "2380"]
[BlackElo "2435"]

1.d4 Nf6 2.c4 e6 3.g3 c5 4.Nf3 cxd4 5.Nxd4 Bb4+ 6.Bd2 Qb6 7.Bxb4 Qxb4+ 8.Nd2 Qxb2
9.Nb5 Na6 10.Bg2 O-O 11.Nd6 Nc5 12.O-O Qb6 13.Nb3 Ne8 14.Nxc8 Rxc8 15.Rb1 Nd6
16.Qd4 Nf5 17.Qd2 Rc7 18.e4 Nd6 19.Qe2 Na4 20.Rfc1 Rfc8 21.Nd2 Qa6 22.e5 Nxc4
23.Nxc4 b5 24.Be4 bxc4 25.h4 h6 26.Rb4 Nb6 27.h5 Qa5 28.Rcb1 Nd5 29.Rb8 Kf8
30.Bc2 Nc3 31.Qe1 Qa3 32.R1b7 Ke7 33.Qd2 Nd5 34.Qd4 Qc1+ 35.Bd1 Qc3 36.Qxc3 Nxc3
37.Bf3 Rxb8 38.Rxc7 Rb5 39.Rxc4 Nb1 40.Rc7 Rxe5 41.Rxa7 Nd2 42.Bg2 Re1+ 43.Kh2 Nc4
44.a4 Re5 45.Bc6 Rxh5+ 46.Kg2 Ne5 47.Be4 Kd6 48.Ra5 f5 49.Ba8 Ng4 50.Bf3 Rg5
51.Rb5 Ne5 52.a5 Nxf3 53.a6 Rg4 54.Ra5 Rc4 55.a7 Rc8 56.a8=Q Rxa8 57.Rxa8 Ne5
58.f4 Nf7 59.Rg8 g5 60.Rg6 Ke7 61.Kf3 d6 62.g4 gxf4 63.Kxf4 Ne5 64.Rxh6 Nxg4
65.Rh8 Nf6 66.Ra8 Nd5+ 67.Kg3 f4+ 68.Kg4 e5 69.Kf5 Ne3+  0-1

[Event "Katrineholm"]
[Site "Katrineholm"]
[Date "1995.??.??"]
[Round "?"]
[White "Wessman, Richard"]
[Black "Sjoberg, Mats"]
[Result "1/2-1/2"]
[WhiteElo "2440"]
[BlackElo "2435"]

1.d4 Nf6 2.c4 e6 3.g3 c5 4.Nf3 cxd4 5.Nxd4 Bb4+ 6.Bd2 Be7 7.Bg2 Nc6 8.Nb3 d6
9.O-O Qd7 10.Qc2 b6 11.Bc3 Bb7 12.N1d2 O-O 13.e4 Qc7 14.Rac1 Nd7 15.Nd4 Nxd4
16.Bxd4 Rfe8 17.Rfd1 Rac8 18.Qb1 Qb8 19.b3 Qa8 20.h3 Bf8 21.Kh2 Nc5 22.b4 Nd7
23.Qb3 Rc7 24.a3 Rec8 25.Qb2 h6 26.Re1 a6 27.Bf1 Bc6 28.Bd3 b5 29.cxb5 Bxb5
30.Rxc7 Rxc7 31.Bxb5 axb5 32.Rc1 Rxc1 33.Qxc1 Qb7 34.Qc2 d5 35.exd5 Qxd5
36.Qe4 Qa2 37.Qe3 Be7 38.Ne4 f5 39.Nc5 Bxc5 40.Bxc5 Qd5 41.Bd4 Nb8 42.Qc3 Qd7
43.Be5 Qb7 44.Kg1 h5 45.h4 g6 46.Qb3 Kf7 47.Qe3 Nd7 48.Qh6 Qd5 49.Qg7+ Ke8
50.Qxg6+ Kd8 51.Bf4 Qd1+ 52.Kg2 Qd5+ 53.Kg1 Qd1+ 54.Kh2 Qf3 55.Be3 e5 56.Bb6+ Ke7
57.Qg5+ Ke6 58.Qh6+ Nf6 59.Be3  1/2-1/2

[Event "Katrineholm"]
[Site "Katrineholm"]
[Date "1995.??.??"]
[Round "?"]
[White "Wessman, Richard"]
[Black "Olafsson, Helgi"]
[Result "1/2-1/2"]
[WhiteElo "2440"]
[BlackElo "2470"]

1.d4 Nf6 2.c4 e6 3.g3 c5 4.Nf3 cxd4 5.Nxd4 d5 6.Bg2 e5 7.Nc2 d4 8.O-O Nc6
9.Bg5 Be7 10.Nd2 O-O 11.Ne1 Be6 12.Nd3 Nd7 13.Bxe7 Qxe7 14.Rb1 Bf5 15.Ne4 Bg6
16.Qb3 f5 17.c5+ Qf7 18.Qxb7 fxe4 19.Qxc6 Rac8 20.Qd6 Qf6 21.Qd5+ Bf7 22.Qxe4 Nxc5
23.Qxe5 Nxd3 24.Qxf6 gxf6 25.exd3 Rc2 26.Rfe1 Rb8 27.Re7 Bxa2 28.Rbe1 a5
29.Ra7 Rcxb2 30.Rxa5 Rb1 31.Kf1 Rxe1+ 32.Kxe1 Rb1+ 33.Kd2 Rb2+ 34.Kc1 Rb1+
35.Kc2 Rg1 36.Be4 Be6 37.Ra8+ Kf7 38.Ra7+ Kf8 39.Ra8+ Ke7 40.Ra7+ Kd6 41.Ra6+ Ke7
42.Kd2 f5 43.Bf3 Rf1 44.Ke2 Rb1 45.Ra7+ Kf6 46.Rxh7 Rb2+ 47.Kf1 Rb3 48.Be2 Rb1+
49.Kg2 Rb2 50.Bf3 Rb3 51.h4 Rxd3 52.h5 Rc3 53.Rh8 Rc8 54.Rxc8 Bxc8 55.Kf1 Kg5
56.Ke2 Ba6+ 57.Kd2 Bb5 58.Bd1 Ba6 59.Kc2 Bc4 60.Bf3 f4 61.g4 Bb5 62.Kd2 Ba6
63.Be2 Bc8 64.f3 Bb7 65.Kc2 Bc6 66.Kb3 Bd5+ 67.Kb4 d3 68.Bd1 Bb7 69.Kc3 Ba6
70.Kd4 Bb5 71.Ke5 Bc4 72.h6 Bg8 73.Ba4 d2 74.Bd1 Bh7 75.Kd4 Kxh6 76.Kc3 Kg5
77.Kxd2 Bg8 78.Kd3  1/2-1/2

[Event "Platonov mem"]
[Site "Kiev"]
[Date "1995.??.??"]
[Round "5"]
[White "Sergeev, Vladimir"]
[Black "Nikolaevsky, Yuri V"]
[Result "1/2-1/2"]
[WhiteElo "2415"]
[BlackElo "2405"]

1.d4 Nf6 2.c4 e6 3.g3 c5 4.d5 exd5 5.cxd5 d6 6.Nc3 g6 7.Bg2 Bg7 8.Nf3 O-O
9.O-O a6 10.a4 Nbd7 11.Ra3 Rb8 12.a5 b5 13.axb6 Nxb6 14.Nd2 Ne8 15.Nde4 h6
16.Qd3 f5 17.Nd2 Nc7 18.Rd1 Kh7 19.Nf1 Bd7  1/2-1/2

[Event "Krasnodar"]
[Site "Krasnodar"]
[Date "1995.??.??"]
[Round "8"]
[White "Raetsky, Alexander"]
[Black "Berelovich, Aleksandar"]
[Result "1/2-1/2"]
[WhiteElo "2510"]
[BlackElo "2485"]

1.d4 Nf6 2.c4 e6 3.g3 c5 4.Nf3 cxd4 5.Nxd4 d5 6.Bg2 e5 7.Nc2 d4 8.f4 exf4
9.Bxf4 Nc6 10.Bxc6+ bxc6 11.Qxd4 Bb4+ 12.Nd2 Qxd4 13.Nxd4 Ne4 14.a3 Bxd2+
15.Bxd2 c5 16.Nb5 O-O 17.Rf1 Bg4 18.Rf4 f5 19.Nc3 Nxc3 20.Bxc3 Rae8 21.Rf2 Re4
22.Rd1 Rxc4 23.Rd7 Rf7 24.Rxf7 Kxf7 25.h3 Bxh3 26.Rh2 Bg4 27.Rxh7 Re4 28.Rxg7+ Ke6
29.Rxa7 Rxe2+ 30.Kf1 Re3 31.Kf2 Re2+ 32.Kf1 Re3 33.Be1 Rf3+ 34.Kg1 Re3 35.Kf1 Rf3+
36.Kg1 Re3 37.Bf2 Rb3 38.Bxc5 Rxb2 39.Re7+  1/2-1/2

[Event "La Coruna TH op"]
[Site "La Coruna"]
[Date "1995.??.??"]
[Round "8"]
[White "Nedobora, Mikhail"]
[Black "Adla, Diego"]
[Result "0-1"]
[WhiteElo "2465"]
[BlackElo "2440"]

1.d4 e6 2.c4 Nf6 3.g3 c5 4.Nf3 cxd4 5.Nxd4 Nc6 6.Bg2 Qb6 7.e3 d5 8.O-O Nxd4
9.exd4 dxc4 10.Nc3 Be7 11.d5 O-O 12.Qe2 Bd7 13.Bf4 Bb4 14.Be3 Bc5 15.dxe6 fxe6
16.Bxc5 Qxc5 17.Bxb7 Rab8 18.Bg2 e5 19.Ne4 Nxe4 20.Bxe4 Be6 21.Rac1 Qd4 22.Rcd1 Rxb2
23.Bxh7+ Kh8 24.Qe1 Qc5 25.Be4 Bg4 26.Rd5 Qb6 27.Rd2 c3 28.Rxb2 cxb2 29.Qc3 Be2
30.Qa3 Rf7 31.Qa4 Bb5 32.Qb3 Rf8 33.Qb4 Rc8 34.Rd1 Bc6 35.Qc4 Bxe4 36.Qxc8+ Kh7
37.Qh3+ Qh6 38.Qf1 Qh5 39.Rb1 Qf3 40.Qh3+ Kg6 41.Qe6+ Kh7 42.Qh3+ Kg6 43.Qe6+ Kg5
44.Qxe5+ Kh6 45.Qe6+ g6 46.Qh3+ Kg5 47.Qh4+ Kf5 48.Qh3+ Ke5 49.Qh8+ Kd5 50.Qd8+ Kc4
51.Qc8+ Kd3 52.Qd7+ Kc2 53.Rxb2+ Kxb2 54.Qb5+ Kxa2 55.Qa5+ Kb2 56.Qb4+ Kc1
57.Qc5+ Kd1 58.Qd4+ Qd3 59.Qa4+ Qc2 60.Qd4+ Ke1 61.f3 Bd3 62.g4 Qe2 63.h4 Qxf3
64.Kh2 Kd2 65.Qb2+ Ke1 66.Qc3+ Kf2 67.Qd4+ Qe3 68.Qf6+ Ke2 69.Qb2+ Kf3 70.h5 Qf2+  0-1

[Event "Litomysl op"]
[Site "Litomysl"]
[Date "1995.??.??"]
[Round "4"]
[White "Beil, Zdenek"]
[Black "Tolnai, Tibor"]
[Result "1/2-1/2"]
[WhiteElo "2315"]
[BlackElo "2455"]

1.d4 Nf6 2.c4 e6 3.g3 c5 4.d5 exd5 5.cxd5 d6 6.Nc3 g6 7.Nf3 Bg7 8.Bg2 O-O
9.O-O a6 10.a4 Re8 11.Nd2 Nbd7 12.a5 b5 13.axb6 Nxb6 14.Nb3 Bd7 15.Na5 Qc7
16.Ra2 h5 17.h3 Bb5  1/2-1/2

[Event "Fide Mercenarios 8th"]
[Site "MEX"]
[Date "1995.??.??"]
[Round "9"]
[White "Padilla, Jorge"]
[Black "Anaya, Javier"]
[Result "1-0"]
[WhiteElo "2000"]
[BlackElo "2105"]

1.d4 Nf6 2.c4 e6 3.g3 c5 4.d5 exd5 5.cxd5 d6 6.Nc3 Be7 7.Bg2 O-O 8.Nf3 Bg4
9.Nd2 Qd7 10.h3 Bh5 11.a4 Na6 12.Nc4 Nc7 13.Na3 Rab8 14.O-O a6 15.a5 Nb5
16.Nc4 Nxc3 17.bxc3 Qb5 18.Qd3 Bg6 19.e4 Rfd8 20.f4 h6 21.g4 Qe8 22.f5 Bh7
23.Bf4 Qf8 24.Rab1 Nd7 25.Qg3 Nf6 26.e5 Ne8 27.Rb6 Rd7 28.exd6 Bd8 29.Ne5 Rxd6
30.Rxd6 Qxd6 31.Nc6 Qxf4 32.Qxf4 Bc7 33.Qxc7 Nxc7 34.Nxb8  1-0

[Event "JUG-chT"]
[Site "Nis"]
[Date "1995.??.??"]
[Round "?"]
[White "Rabrenovic, Vladan"]
[Black "Cabrilo, Goran"]
[Result "0-1"]
[WhiteElo "2315"]
[BlackElo "2465"]

1.d4 Nf6 2.c4 e6 3.g3 c5 4.d5 exd5 5.cxd5 d6 6.Nc3 g6 7.Bg2 Bg7 8.Nf3 O-O
9.O-O Na6 10.Nd2 Nc7 11.a4 b6 12.Rb1 Re8 13.Re1 Rb8 14.Nc4 Ba6 15.b3 Ng4
16.Ne4 Bxc4 17.bxc4 a6 18.Bg5 f6 19.Bd2 Ne5 20.Qc1 b5 21.axb5 axb5 22.cxb5 Nxb5
23.Bh3 f5 24.Ng5 Nd4 25.Rxb8 Qxb8 26.Ne6 Nxe6 27.dxe6 Rxe6 28.f4 Ng4 29.Qc4 Qe8
30.e4 Bd4+ 31.Kf1 Qf7 32.Bxg4 fxg4 33.Qd5 Re8 34.Qxd6 Qc4+ 35.Re2 Qb3 36.Qd5+ Qxd5
37.exd5 Rd8 38.Re7 Rxd5 39.Rc7 Rf5 40.Kg2 Rf7 41.Rxf7 Kxf7 42.h3 h5 43.hxg4 hxg4
44.Kf1 Ke6 45.Ke2 Kd5  0-1

[Event "World op"]
[Site "Philadelphia"]
[Date "1995.??.??"]
[Round "8"]
[White "Magar, Thomas P"]
[Black "Adelman, Charles D"]
[Result "1/2-1/2"]
[WhiteElo "2150"]
[BlackElo "2270"]

1.d4 Nf6 2.c4 e6 3.g3 c5 4.Nf3 cxd4 5.Nxd4 a6 6.Bg2 Be7 7.Nc3 O-O 8.O-O Qc7
9.Qd3 d6 10.e4 Nbd7 11.b3 b6 12.Bb2 Bb7 13.Rac1 Rac8 14.Rfd1 Qb8 15.Qe2 Rfe8
16.Qd2 Nc5 17.Re1 Qa8 18.f3 Bf8 19.Rcd1 Qb8 20.Kh1  1/2-1/2

[Event "Skei"]
[Site "Skei"]
[Date "1995.??.??"]
[Round "6"]
[White "Glenne, Bjorn Erik"]
[Black "Brynell, Stellan"]
[Result "0-1"]
[WhiteElo "2255"]
[BlackElo "2435"]

1.d4 Nf6 2.c4 e6 3.g3 c5 4.Nf3 cxd4 5.Nxd4 d5 6.Bg2 e5 7.Nc2 d4 8.O-O Nc6
9.b4 Be7 10.f4 O-O 11.fxe5 Nxe5 12.c5 a5 13.Bb2 d3 14.Bxe5 dxc2 15.Qxc2 Ng4
16.Qb2 Nxe5 17.Qxe5 axb4 18.Nd2 Bf6 19.Rxf6 Qxf6 20.Qxf6 gxf6 21.Rb1 Rxa2
22.Ne4 Rxe2 23.Rxb4 Kg7 24.Nd6 Rc2 25.Rb5 Bd7 26.Ra5 Bc6 27.Bf1 Rd8 28.Bd3 Rg2+
29.Kf1 Rxh2 30.Be2 f5 31.Nxf5+ Kf6 32.Ne3 Kg5 33.Ra2 Bf3 34.Bxf3 Rxa2 35.Bxb7 Rdd2  0-1